00261nam a2200109Ia 4500008004000000020001800040082001700058100001900075245001500094260003400109300000800143210210b1975 xxu||||| |||| 00| 0 eng d a0 1400 2940 0 a823.914 NAIM aNAIPAUL (V S). aMimic men. aEngland.bPenguin Booksc1975 a251